03641nam a22004577a 4500003000900000005001700009007000300026008004100029020002500070020002500095040002500120082002100145100003300166245019700199260006000396300001700456490004600473500008100519500005800600500004600658505089300704590002701597600005901624600004901683600005401732650004401786650002901830700003301859700004901892910001401941942001401955952013001969952013602099952013602235952014902371952015502520952015502675952016802830952016802998999001703166DO-SdBNP20240229073939.0ta110301s2021 dr ac 000 0 spa d a9789945613841 (v. 2) a9789945613964 (v. 3) aDO-SdBNPbspacBNPHU 4a321.9bA185f2221 aAcosta Matos, Eliades95301810aFugas equivocadas Machado, Batista y Trujillo : b una historia de violencia y traición /cEliades Acosta Matos, Pablo Llabre Raurell; Cuidado de la edición, Enrique Soldevilla Enríquez. aSanto Domingo :bArchivo General de la Nación, c2021 av. :c23 cm.1 aArchivo General de la Nación v407, 424 aIncluye datos biográficos de los autores en las solapas de las cubiertas.  aIncluye bibliografía y notas al pié de páginas. aLa biblioteca posee los volúmenes 2 y 3 aVolumen III --gCapitulo XV --tJugando a las invasiones y los desembarcos --tPasando el Rubicón --tLa recta final hacia el abrazo --gCapitulo XVI --tLa voz del buen sentido y la responsabilidad --tPrendas de amistad --tNubes sobre La Habana --tCerrando el auspicioso año de 1957 --gCapitulo XVII --tHuyéndole a esto --tDe vuelta a los buenos viejos tiempos --tHacia el ocaso definitivo --gCapitulo XVIII --tLa estampida --tUna estampida deliberadamente difuminada --tOrganizando la fuga --tCiudad Trujillo y los primeros encuentros --gCapitulo XIX --tTrujillo se desencadena --tEl tirano incómodo --tEl diluvio descubierto desde Ciudad Trujillo --gCapitulo XX --tUna casa de espantos --tMovilizaciones e inmovilidades --tPlanes rocambolescos --gCapitulo XXI --tUn final de opereta --tDesesperación --tCon espantoso tesón --tTestimonio gráfico / aInventariado, 2022/ YL10aTrujillo Molina, Rafael Leónidas,d 1891-196197676417aMACHADO Y MORALES, GERALDOd1871-193998147317aBATISTA Y ZALDÌVAR, FULGENCIOd1901-1973912695 7aDICTADORESzREPÙBLICA DOMINICANA9601 7aDICTADORESzCUBA 9814741 aLlabre Raurell, Pablo9742061 aSoldevilla Enríquez, Enrique, eed.983038 aYLockward 2ddccLBS1 00102ddc53708PDaBNPHUbBNPHUcCTd2022-02-01eEditora Búhoo321.9 A185fp2022-1442r2022-04-20tv. 3w2022-04-20yLBS1 00102ddc53708PDaBNPHUbBNPHUcCTd2022-02-01eEditora Búhoo321.9 A185fp2022-1443r2022-04-20tv. 3, e. 2w2022-04-20yLBS1 00102ddc56708PDaBNPHUbBNPHUcCTd2022-02-01eEditora Búhoo321.9 A185fp2022-1445r2022-04-20tv. 3, e. 3w2022-04-20yLBS1 00102ddc53708PDaBNPHUbBNPHUcCTd2022-03-30eArchivo General de la Naciónl0o321.9 A185fp2022-2002r2022-05-11tv. 2w2022-05-11yLBS1 00102ddc53708PDaBNPHUbBNPHUcCTd2022-03-30eArchivo General de la Naciónl0o321.9 A185fp2022-2003r2022-05-11tv. 2, e. 2w2022-05-11yLBS1 00102ddc56708PDaBNPHUbBNPHUcCTd2022-03-30eArchivo General de la Naciónl0o321.9 A185fp2022-2004r2022-05-11tv. 2, e. 3w2022-05-11yLBS1 00102ddc56708DSaBNPHUbBNPHUcCTd2022-03-30eDonado por el Archivo General de la Naciónl0o321.9 A185fp2023-0253r2023-01-18tev.3, e.4w2023-01-18yLBS1 00102ddc56708DSaBNPHUbBNPHUcCTd2022-03-30eDonado por el Archivo General de la Naciónl0o321.9 A185fp2023-0254r2023-01-18tev.3, e.5w2023-01-18yLBS1 c51544d51544